000 00253nam a2200109Ia 4500
008 190216s9999||||xx |||||||||||||| ||und||
100 _aSrinivasa Rao
245 0 _aClassical Mechanics
260 _bUniversity Press
_c2003
300 _a346p
942 _cBK
999 _c33798
_d33798